00684cam a22002411a 4500001001300000003000400013005001700017008004100034010001700075025002000092035002000112040002200132042001200154050002000166100001600186245008900202260003500291300002800326440002200354546001700376500003200393999001700425sa 68018565 DLC20260227112713.0860506s1965 io a 000 1 jav  asa 68018565  aPL480:Indo-3142 a(OCoLC)23573816 aDLCcMiUdWUdDLC apremarc00aPL5179.T75bG480 aTrijana Pr.10aGeter pater gitar barangan /crinipta déning Trijana Pr.; gambar L.M.B. Soemantri. aSolo :bMutiara Press,c[1965] a40 p. :bill. ;c14 cm. 0aBuku saku Mutiara aIn Javanese. aAt head of title : Fiction. c88510d88510